Welcome to the Holygrace Academy Library

Please use search bar below to get started

ESSENTIAL GRAMMAR IN USE (Record no. 3759)

MARC details
000 -LEADER
fixed length control field 00331nam a22001457a 4500
020 ## - INTERNATIONAL STANDARD BOOK NUMBER
ISBN 0-521-55928-6
082 ## - DEWEY DECIMAL CLASSIFICATION NUMBER
Classification number 425
Item number MUR/E
100 ## - MAIN ENTRY--AUTHOR NAME
Personal name MURPHY,RAYMOND
245 ## - TITLE STATEMENT
Title ESSENTIAL GRAMMAR IN USE
250 ## - EDITION STATEMENT
Edition statement SECOND EDITION
260 ## - PUBLICATION, DISTRIBUTION, ETC. (IMPRINT)
Place of publication USA
Name of publisher CAMBRIDGE UNIVERSITY PRESS
300 ## - PHYSICAL DESCRIPTION
Number of Pages 298
650 ## - SUBJECT ADDED ENTRY--TOPICAL TERM
Topical Term GRAMMAR
Geographic subdivision USA
942 ## - ADDED ENTRY ELEMENTS (KOHA)
Koha item type Books
Holdings
Withdrawn status Lost status Collection code Home library Current library Shelving location Date acquired Source of acquisition Full call number Accession Number Koha item type
    Reference Main Library Main Library SHELF-16C -ENGLISH GRAMMAR SYNONYMS7ANTONYMS,LETTERS, ETC 20/01/2020 PURCHASE 425 MUR/E 12409 Books